[Event "GER-chT Lands U20"]
[Site "Wiesbaden"]
[Date "2022.10.04"]
[Round "7.7"]
[White "Hoppstaedter, Daniel"]
[Black "Hubert, Charlotte"]
[Result "1-0"]
[WhiteElo "1935"]
[BlackElo "1671"]
[PlyCount "103"]
[EventDate "2022.09.30"]
[EventType "team-swiss"]
[EventRounds "7"]
[EventCountry "GER"]
[SourceTitle "CBM 210 Extra"]
[Source "ChessBase"]
[SourceDate "2022.11.30"]
[SourceVersion "1"]
[SourceVersionDate "2022.11.30"]
[SourceQuality "1"]
[WhiteTeam "Saarland U20"]
[BlackTeam "Hamburg U20"]
[WhiteTeamCountry "GER"]
[BlackTeamCountry "GER"]

1. d4 Nf6 2. Nf3 e6 3. Bg5 d6 4. Nbd2 h6 5. Bxf6 Qxf6 6. e4 Nd7 7. Bd3 e5 8. c3 g6 9. Nc4 Bg7 10. Qd2 a6 11. Bc2 Qd8 12. Rd1 exd4 13. Nxd4 0-0 14. 0-0 Ne5 15. Ne3 Bd7 16. f4 Nc6 17. Nf3 Re8 18. e5 Be6 19. exd6 Qxd6 20. Qxd6 cxd6 21. Nd5 Rac8 22. a3 Na5 23. Nb6 Rcd8 24. Ba4 Re7 25. Rfe1 Rc7 26. Nd4 Bxd4+ 27. Rxd4 Nc4 28. Nxc4 Rxc4 29. Ree4 Rxd4 30. Rxd4 Kf8 31. Kf2 Ke7 32. Ke3 Rc8 33. Bd1 Rc5 34. Bf3 b5 35. Be2 Bc4 36. b4 Rc7 37. Bxc4 bxc4 38. Re4+ Kd7 39. Kd4 Kc6 40. a4 d5 41. Re5 Rd7 42. b5+ axb5 43. axb5+ Kb6 44. Rxd5 Ra7 45. g3 Ra2 46. Kxc4 Rxh2 47. Rd6+ Kc7 48. Kc5 Rc2 49. b6+ Kb7 50. c4 h5 51. Rd7+ Kc8 52. Rxf7 1-0

[Event "GER-chT Lands U20"]
[Site "Wiesbaden"]
[Date "2022.10.01"]
[Round "1.6"]
[White "Hoppstaedter, Daniel"]
[Black "Mader, Fabian"]
[Result "1/2-1/2"]
[WhiteElo "1935"]
[BlackElo "1735"]
[PlyCount "87"]
[EventDate "2022.09.30"]
[EventType "team-swiss"]
[EventRounds "7"]
[EventCountry "GER"]
[SourceTitle "CBM 210 Extra"]
[Source "ChessBase"]
[SourceDate "2022.11.30"]
[SourceVersion "1"]
[SourceVersionDate "2022.11.30"]
[SourceQuality "1"]
[WhiteTeam "Saarland U20"]
[BlackTeam "Rheinland Pfalz U20"]
[WhiteTeamCountry "GER"]
[BlackTeamCountry "GER"]

1. d4 Nf6 2. Nf3 g6 3. Nc3 d5 4. Bf4 Bg7 5. e3 0-0 6. Be2 b6 7. Ne5 Bb7 8. h4 Nbd7 9. h5 c5 10. hxg6 fxg6 11. Qd2 e6 12. 0-0-0 c4 13. e4 a6 14. Nf3 b5 15. Ng5 b4 16. Nb1 Nxe4 17. Nxe4 dxe4 18. Bxc4 Bd5 19. Bxd5 exd5 20. Bd6 a5 21. Bxf8 Qxf8 22. Qe3 Nb6 23. Qh3 Qf6 24. Qxh7+ Kf7 25. Qh4 Qc6 26. f3 Rc8 27. Rd2 Nc4 28. Qf4+ Kg8 29. fxe4 Nxd2 30. Qxd2 dxe4 31. c3 Qd5 32. Qe3 Bxd4 33. Qh3 Rc7 34. Rd1 Qe5 35. Kc2 e3 36. Qg4 e2 37. Rxd4 e1Q 38. Qxg6+ Kf8 39. Rd8+ Ke7 40. Re8+ Kd7 41. Qf7+ Kd6 42. Rxe5 Qxe5 43. Qf8+ Kd7 44. Qf7+ 1/2-1/2

[Event "GER-ch U14"]
[Site "Willingen"]
[Date "2022.06.09"]
[Round "7"]
[White "Besou, Hussain"]
[Black "Hoppstaedter, Daniel"]
[Result "1-0"]
[WhiteElo "2094"]
[BlackElo "1987"]
[PlyCount "45"]
[EventDate "2022.06.04"]
[EventType "swiss"]
[EventRounds "9"]
[EventCountry "GER"]
[SourceTitle "CBM 208 Extra"]
[Source "ChessBase"]
[SourceDate "2022.07.31"]
[SourceVersion "1"]
[SourceVersionDate "2022.07.31"]
[SourceQuality "1"]

1. e4 c6 2. d4 d5 3. e5 Bf5 4. Nf3 e6 5. Be2 Nd7 6. 0-0 h6 7. Nbd2 Ne7 8. Nb3 g5 9. a4 Ng6 10. a5 g4 11. Ne1 h5 12. Nd3 Be7 13. f3 c5 14. Ndxc5 Nxc5 15. Nxc5 Bxc5 16. dxc5 Nxe5 17. Bf4 Qf6 18. fxg4 hxg4 19. c3 Nc6 20. a6 0-0 21. axb7 Rad8 22. Bd6 Rfe8 23. Bb5 1-0

[Event "GER-ch U14"]
[Site "Willingen"]
[Date "2022.06.08"]
[Round "6"]
[White "Hoppstaedter, Daniel"]
[Black "Fruth, David"]
[Result "1-0"]
[WhiteElo "1987"]
[BlackElo "1648"]
[PlyCount "81"]
[EventDate "2022.06.04"]
[EventType "swiss"]
[EventRounds "9"]
[EventCountry "GER"]
[SourceTitle "CBM 208 Extra"]
[Source "ChessBase"]
[SourceDate "2022.07.31"]
[SourceVersion "1"]
[SourceVersionDate "2022.07.31"]
[SourceQuality "1"]

1. d4 Nf6 2. c4 c5 3. d5 b5 4. f3 bxc4 5. e4 d6 6. Ne2 g6 7. Nec3 Bg7 8. Na3 0-0 9. Nxc4 Nbd7 10. Be3 Nb6 11. Qd2 Rb8 12. Na3 Re8 13. Bb5 Bd7 14. Bxd7 Qxd7 15. 0-0 Na4 16. Qc2 Nxc3 17. bxc3 Qc7 18. Qa4 e6 19. dxe6 Rxe6 20. Bf2 Nd7 21. Rab1 Ree8 22. c4 Nb6 23. Qa6 Qe7 24. Bg3 h5 25. h3 Bd4+ 26. Kh1 Rbd8 27. Nb5 Nxc4 28. Nxd4 cxd4 29. Qxc4 Qg5 30. Rb7 Rf8 31. Bf2 d3 32. Qxd3 d5 33. exd5 Rxd5 34. Qe3 Qd8 35. Qxa7 Qg5 36. Qe3 Qd8 37. Qe7 Qc8 38. Rc7 Qa6 39. Rfc1 Rd2 40. Bc5 Rdd8 41. a3 1-0

[Event "GER-ch U14"]
[Site "Willingen"]
[Date "2022.06.06"]
[Round "3"]
[White "Hagner, Bennet"]
[Black "Hoppstaedter, Daniel"]
[Result "1-0"]
[WhiteElo "2186"]
[BlackElo "1987"]
[PlyCount "53"]
[EventDate "2022.06.04"]
[EventType "swiss"]
[EventRounds "9"]
[EventCountry "GER"]
[SourceTitle "CBM 208 Extra"]
[Source "ChessBase"]
[SourceDate "2022.07.31"]
[SourceVersion "1"]
[SourceVersionDate "2022.07.31"]
[SourceQuality "1"]

1. e4 c5 2. Nf3 e6 3. d4 cxd4 4. Nxd4 Nf6 5. Nc3 Nc6 6. Ndb5 Bb4 7. a3 Bxc3+ 8. Nxc3 d5 9. exd5 exd5 10. Bd3 0-0 11. 0-0 d4 12. Ne2 Bg4 13. h3 Bh5 14. Bg5 h6 15. Bh4 Bxe2 16. Bxe2 g5 17. Bg3 Qb6 18. Bd3 Rfe8 19. f4 Re3 20. fxg5 Rxg3 21. Rxf6 Rxg5 22. h4 Rg7 23. Qe2 Qxb2 24. Raf1 Qxa3 25. Rxh6 Qc5 26. Rf5 Qe7 27. Rfh5 1-0

[Event "Oberliga Sued W 2122"]
[Site "Germany"]
[Date "2022.05.15"]
[Round "3.6"]
[White "Lang, Matthias"]
[Black "Hoppstaedter, Daniel"]
[Result "1/2-1/2"]
[WhiteElo "2155"]
[BlackElo "1966"]
[PlyCount "56"]
[EventDate "2021.10.24"]
[EventType "team-tourn"]
[EventRounds "9"]
[EventCountry "GER"]
[SourceTitle "EXT 2023"]
[Source "ChessBase"]
[SourceDate "2022.10.05"]
[SourceVersion "1"]
[SourceVersionDate "2022.10.05"]
[SourceQuality "1"]
[WhiteTeam "Landau"]
[BlackTeam "Illingen Turm"]
[WhiteTeamCountry "GER"]
[BlackTeamCountry "GER"]

1. d4 Nf6 2. Nf3 c5 3. c3 d5 4. Bf4 cxd4 5. cxd4 Bf5 6. Nc3 e6 7. e3 a6 8. a3 Be7 9. Be2 h6 10. h3 0-0 11. 0-0 Nbd7 12. Qb3 Qb6 13. Qa2 Rac8 14. Rfc1 Ne4 15. Nxe4 Bxe4 16. Nd2 Bg6 17. Qb3 Bc2 18. Qxb6 Nxb6 19. Kf1 Rc6 20. Nf3 f6 21. Ke1 Rfc8 22. Kd2 Na4 23. Ne1 Bh7 24. Rxc6 Rxc6 25. b4 Nc3 26. f3 Nb1+ 27. Kd1 a5 28. Bd3 Nc3+ 1/2-1/2

[Event "Heusenstamm Sparkassen op-A 7th"]
[Site "Heusenstamm"]
[Date "2021.11.21"]
[Round "7.39"]
[White "Berberich, Christoph"]
[Black "Hoppstaedter, Daniel"]
[Result "1/2-1/2"]
[WhiteElo "2017"]
[BlackElo "1760"]
[PlyCount "28"]
[EventDate "2021.11.18"]
[EventType "swiss"]
[EventRounds "7"]
[EventCountry "GER"]
[SourceTitle "EXT 2023"]
[Source "ChessBase"]
[SourceDate "2022.10.05"]
[SourceVersion "1"]
[SourceVersionDate "2022.10.05"]
[SourceQuality "1"]

1. d4 Nf6 2. Nf3 g6 3. c4 c5 4. d5 e6 5. Nc3 exd5 6. cxd5 d6 7. e4 Bg7 8. Bd3 0-0 9. h3 Nh5 10. 0-0 Nd7 11. Bg5 Bf6 12. Bxf6 Qxf6 13. Re1 Ne5 14. Nxe5 Qxe5 1/2-1/2

[Event "Heusenstamm Sparkassen op-A 7th"]
[Site "Heusenstamm"]
[Date "2021.11.20"]
[Round "5.34"]
[White "Spilles, Matthias"]
[Black "Hoppstaedter, Daniel"]
[Result "1-0"]
[WhiteElo "2088"]
[BlackElo "1760"]
[PlyCount "105"]
[EventDate "2021.11.18"]
[EventType "swiss"]
[EventRounds "7"]
[EventCountry "GER"]
[SourceTitle "EXT 2023"]
[Source "ChessBase"]
[SourceDate "2022.10.05"]
[SourceVersion "1"]
[SourceVersionDate "2022.10.05"]
[SourceQuality "1"]

1. e4 c5 2. Nc3 Nc6 3. Nf3 g6 4. d4 cxd4 5. Nxd4 Bg7 6. Be3 d6 7. Bc4 Nf6 8. h3 0-0 9. 0-0 Bd7 10. Bb3 Nxd4 11. Bxd4 Bc6 12. f4 Qa5 13. Qd3 Rad8 14. f5 Nd7 15. Rf2 Bxd4 16. Qxd4 Qe5 17. Qxe5 Nxe5 18. f6 e6 19. Rd1 Rd7 20. Rfd2 Rfd8 21. Kf2 h6 22. Ke3 Kh7 23. Ne2 g5 24. c4 Kg6 25. Rf1 h5 26. Rd4 h4 27. Bc2 Rc7 28. b3 Be8 29. a4 Rc6 30. Rd2 a5 31. Nd4 Rb6 32. c5 dxc5 33. Nf3 Nc6 34. e5+ Kh6 35. Rxd8 Nxd8 36. Rd1 Nc6 37. Rd6 Ra6 38. Nd2 Ra8 39. Nc4 Nd4 40. Be4 Bc6 41. Bxc6 bxc6 42. Rd7 Kg6 43. Nd6 Nf5+ 44. Kd3 Nxd6 45. exd6 Kxf6 46. Kc4 Ke5 47. Kxc5 Rb8 48. Rxf7 Rxb3 49. Rf3 Rb2 50. Rd3 Rb8 51. d7 Rd8 52. Kxc6 Ke4 53. Kc7 1-0

[Event "Heusenstamm Sparkassen op-A 7th"]
[Site "Heusenstamm"]
[Date "2021.11.19"]
[Round "2.25"]
[White "Hoppstaedter, Daniel"]
[Black "Sever, Mustafa Batuhan"]
[Result "0-1"]
[WhiteElo "1760"]
[BlackElo "2089"]
[PlyCount "96"]
[EventDate "2021.11.18"]
[EventType "swiss"]
[EventRounds "7"]
[EventCountry "GER"]
[SourceTitle "EXT 2023"]
[Source "ChessBase"]
[SourceDate "2022.10.05"]
[SourceVersion "1"]
[SourceVersionDate "2022.10.05"]
[SourceQuality "1"]

1. d4 f5 2. Bg5 g6 3. Nd2 Bg7 4. e4 fxe4 5. Nxe4 d5 6. Nc5 b6 7. Nb3 Nh6 8. c3 Nf7 9. Be3 0-0 10. Bd3 e5 11. h4 e4 12. Be2 Ba6 13. h5 Bxe2 14. Nxe2 g5 15. Ng3 h6 16. Nf5 Qd7 17. Nxg7 Kxg7 18. Qc2 Nd6 19. Nd2 Nc6 20. 0-0-0 a5 21. f3 Rfe8 22. Rde1 Re6 23. f4 gxf4 24. Bxf4 Rf8 25. Ref1 Kg8 26. Qd1 Qg7 27. Rh3 Nf5 28. g4 Nd6 29. Be3 Rxf1 30. Qxf1 Rf6 31. Qg2 Nf7 32. c4 Ng5 33. Bxg5 Qxg5 34. cxd5 Nxd4 35. Kb1 Qxd5 36. a3 Nf3 37. Nxf3 Qd1+ 38. Ka2 Qd5+ 39. Ka1 Qd1+ 40. Ka2 exf3 41. Qf2 a4 42. Rg3 Qb3+ 43. Kb1 Qd3+ 44. Ka2 Qc4+ 45. Ka1 Qe2 46. Qd4 Qe1+ 47. Ka2 Qe6+ 48. Kb1 f2 0-1

[Event "Heusenstamm Sparkassen op-A 7th"]
[Site "Heusenstamm"]
[Date "2021.11.19"]
[Round "3.44"]
[White "Kuepper, Martin"]
[Black "Hoppstaedter, Daniel"]
[Result "1-0"]
[WhiteElo "2013"]
[BlackElo "1760"]
[PlyCount "77"]
[EventDate "2021.11.18"]
[EventType "swiss"]
[EventRounds "7"]
[EventCountry "GER"]
[SourceTitle "EXT 2023"]
[Source "ChessBase"]
[SourceDate "2022.10.05"]
[SourceVersion "1"]
[SourceVersionDate "2022.10.05"]
[SourceQuality "1"]

1. Nf3 Nf6 2. c4 g6 3. d4 Bg7 4. e3 c5 5. d5 e6 6. Nc3 exd5 7. cxd5 0-0 8. Be2 d6 9. 0-0 Re8 10. Nd2 Nbd7 11. Qc2 Nb6 12. Bf3 Rb8 13. a4 Na8 14. Nc4 Nc7 15. h3 b6 16. e4 a6 17. Bf4 Bf8 18. e5 dxe5 19. Nxe5 Bb7 20. Nc6 Bxc6 21. dxc6 Rc8 22. Rad1 Qe7 23. Rfe1 Qxe1+ 24. Rxe1 Rxe1+ 25. Kh2 Ne6 26. Qd2 Ra1 27. Be5 Bg7 28. c7 Ng4+ 29. Bxg4 Bxe5+ 30. f4 Bd4 31. Nd5 Kf8 32. Qe2 h5 33. Bxe6 h4 34. g3 hxg3+ 35. Kxg3 Rg1+ 36. Kh2 fxe6 37. Qxe6 Rxc7 38. Nxc7 Rb1 39. Qe8+ 1-0

[Event "GER-ch U12"]
[Site "Willingen"]
[Date "2020.10.30"]
[Round "6"]
[White "Hoppstaedter, Daniel"]
[Black "Von Mettenheim, Johannes"]
[Result "1-0"]
[WhiteElo "1712"]
[BlackElo "1995"]
[PlyCount "51"]
[EventDate "2020.10.26"]
[EventType "swiss"]
[EventRounds "7"]
[EventCountry "GER"]
[SourceTitle "CBM 199 Extra"]
[Source "ChessBase"]
[SourceDate "2021.01.31"]
[SourceVersion "1"]
[SourceVersionDate "2021.01.31"]
[SourceQuality "1"]

1. d4 Nf6 2. Nf3 e6 3. Bg5 h6 4. Bxf6 Qxf6 5. e4 c5 6. c3 cxd4 7. cxd4 b6 8. Nc3 Bb7 9. Bd3 Nc6 10. 0-0 Nxd4 11. Nxd4 Qxd4 12. Nb5 Qe5 13. f4 Qb8 14. Rc1 Bc6 15. f5 Bc5+ 16. Kh1 a6 17. Na3 0-0 18. f6 Bd4 19. Qg4 g6 20. Nc4 e5 21. Rf3 Re8 22. Qh4 Kh7 23. Rh3 h5 24. Qg5 Re6 25. Rxh5+ Kg8 26. Rh8+ 1-0

[Event "GER-chT Lands U20"]
[Site "Berlin"]
[Date "2020.10.03"]
[Round "6.8"]
[White "Hoppstaedter, Daniel"]
[Black "Simon, Tessa"]
[Result "0-1"]
[WhiteElo "1712"]
[BlackElo "1860"]
[PlyCount "57"]
[EventDate "2020.09.29"]
[EventType "team-swiss"]
[EventRounds "7"]
[EventCountry "GER"]
[SourceTitle "CBM 198 Extra"]
[Source "ChessBase"]
[SourceDate "2020.11.30"]
[SourceVersion "1"]
[SourceVersionDate "2020.11.30"]
[SourceQuality "1"]
[WhiteTeam "Saarland U20"]
[BlackTeam "Sachsen U20"]
[WhiteTeamCountry "GER"]
[BlackTeamCountry "GER"]

1. d4 d5 2. c4 c6 3. Nc3 dxc4 4. e4 b5 5. a4 a6 6. axb5 cxb5 7. Nxb5 axb5 8. Rxa8 Bb7 9. Rxb8 Qxb8 10. f3 e6 11. Bd2 Bd6 12. Nh3 Qa7 13. b3 Qxd4 14. bxc4 Ne7 15. cxb5 f5 16. exf5 Nxf5 17. Be2 Bc5 18. Qb3 Bd5 19. Qc3 Qh4+ 20. g3 Qe7 21. Nf4 0-0 22. Nxd5 exd5 23. Kd1 Ra8 24. Re1 Bd4 25. Qc6 Ra1+ 26. Kc2 Ra2+ 27. Kd1 Rxd2+ 28. Kxd2 Qb4+ 29. Kd1 0-1

[Event "GER-chT Lands U20"]
[Site "Berlin"]
[Date "2020.09.30"]
[Round "1.8"]
[White "Hoppstaedter, Daniel"]
[Black "Bakiev, Diyor"]
[Result "0-1"]
[WhiteElo "1712"]
[BlackElo "2070"]
[PlyCount "92"]
[EventDate "2020.09.29"]
[EventType "team-swiss"]
[EventRounds "7"]
[EventCountry "GER"]
[SourceTitle "CBM 198 Extra"]
[Source "ChessBase"]
[SourceDate "2020.11.30"]
[SourceVersion "1"]
[SourceVersionDate "2020.11.30"]
[SourceQuality "1"]
[WhiteTeam "Saarland U20"]
[BlackTeam "Hessen U20"]
[WhiteTeamCountry "GER"]
[BlackTeamCountry "GER"]

1. d4 Nf6 2. Nf3 e6 3. Bg5 h6 4. Bh4 c5 5. e3 d5 6. Nbd2 Nbd7 7. c3 Bd6 8. Bd3 0-0 9. Bg3 Qc7 10. Qe2 b6 11. e4 Bxg3 12. hxg3 cxd4 13. cxd4 dxe4 14. Nxe4 Bb7 15. Nxf6+ Nxf6 16. Ne5 Qd6 17. Qd2 Be4 18. Rd1 Qxd4 19. Nc6 Qxd3 20. Qxd3 Bxd3 21. Rxd3 Nd5 22. Rh4 Rfc8 23. Rc4 Kf8 24. a3 Rc7 25. b4 a6 26. Rd2 Rac8 27. Rdc2 f6 28. Ke2 Ke8 29. Kd3 Kd7 30. Nd4 Rxc4 31. Rxc4 Rxc4 32. Kxc4 Kd6 33. b5 a5 34. Kd3 g6 35. f4 g5 36. fxg5 hxg5 37. Ke4 f5+ 38. Kd3 f4 39. g4 Ne3 40. Nf3 Nxg4 41. Nxg5 Kd5 42. Nh3 e5 43. Ng5 Nf2+ 44. Ke2 Ne4 45. Nf3 Nc3+ 46. Kd3 Nxb5 0-1

[Event "GER-ch Net Amateur Gr-B Vor2"]
[Site "Playchess.com INT"]
[Date "2020.04.15"]
[Round "4"]
[White "Guder, Sibylle"]
[Black "Hoppstaedter, Daniel"]
[Result "0-1"]
[WhiteElo "1817"]
[BlackElo "1634"]
[PlyCount "46"]
[EventDate "2020.04.15"]
[EventType "swiss (blitz)"]
[EventRounds "9"]
[EventCountry "GER"]
[SourceTitle "CBM 196 Extra"]
[Source "ChessBase"]
[SourceDate "2020.07.31"]
[SourceVersion "1"]
[SourceVersionDate "2020.07.31"]
[SourceQuality "1"]

1. Nf3 Nf6 2. c4 e6 3. g3 d5 4. b3 d4 5. Bg2 c5 6. 0-0 Nc6 7. d3 Bd6 8. e4 e5 9. Nh4 h6 10. Nf5 0-0 11. Nxd6 Qxd6 12. f4 Bg4 13. Qd2 Bd7 14. a3 b6 15. h3 Nh5 16. Qf2 exf4 17. gxf4 g5 18. fxg5 Ne5 19. Qh4 Qg6 20. gxh6 Kh7 21. Rf5 Bxf5 22. exf5 Nf3+ 23. Kh1 Ng3+ 0-1

[Event "GER-ch Net Amateur Gr-B Vor2"]
[Site "Playchess.com INT"]
[Date "2020.04.15"]
[Round "8"]
[White "Kosovska, Olena"]
[Black "Hoppstaedter, Daniel"]
[Result "0-1"]
[WhiteElo "1789"]
[BlackElo "1701"]
[PlyCount "84"]
[EventDate "2020.04.15"]
[EventType "swiss (blitz)"]
[EventRounds "9"]
[EventCountry "GER"]
[SourceTitle "CBM 196 Extra"]
[Source "ChessBase"]
[SourceDate "2020.07.31"]
[SourceVersion "1"]
[SourceVersionDate "2020.07.31"]
[SourceQuality "1"]

1. e4 c5 2. Nc3 Nc6 3. f4 g6 4. Nf3 Bg7 5. Bb5 Nd4 6. 0-0 a6 7. Be2 d6 8. d3 Nf6 9. Nxd4 cxd4 10. Nd5 Nxd5 11. exd5 0-0 12. Bd2 Qb6 13. b3 Re8 14. Rc1 Qc5 15. Bf3 b6 16. Be4 f5 17. Bf3 a5 18. Qe1 Bd7 19. Kh1 Qa3 20. Ra1 Rac8 21. Qd1 Qb2 22. Rc1 Qxa2 23. h3 Qa3 24. Re1 Qc5 25. Re2 Qc7 26. Be1 b5 27. Bh4 Bf6 28. Qe1 Qc3 29. Qxc3 dxc3 30. Bxf6 exf6 31. Rce1 Rxe2 32. Rxe2 Re8 33. Rf2 Re1+ 34. Kh2 a4 35. bxa4 bxa4 36. d4 a3 37. Be2 a2 38. Bd3 a1Q 39. Kg3 Re3+ 40. Rf3 Qe1+ 41. Kh2 Rxf3 42. gxf3 Qf2+ 0-1

[Event "GER-ch Net Amateur Gr-B Vor2"]
[Site "Playchess.com INT"]
[Date "2020.04.15"]
[Round "9"]
[White "Metzdorf, Matteo"]
[Black "Hoppstaedter, Daniel"]
[Result "0-1"]
[WhiteElo "1896"]
[BlackElo "1722"]
[PlyCount "100"]
[EventDate "2020.04.15"]
[EventType "swiss (blitz)"]
[EventRounds "9"]
[EventCountry "GER"]
[SourceTitle "CBM 196 Extra"]
[Source "ChessBase"]
[SourceDate "2020.07.31"]
[SourceVersion "1"]
[SourceVersionDate "2020.07.31"]
[SourceQuality "1"]

1. e4 c5 2. Nf3 d6 3. Bb5+ Bd7 4. Bxd7+ Qxd7 5. c4 Nf6 6. Nc3 e6 7. d4 cxd4 8. Nxd4 Be7 9. 0-0 0-0 10. Be3 Nc6 11. f3 Rfd8 12. Qd2 d5 13. Nxc6 Qxc6 14. e5 d4 15. Bxd4 Rxd4 16. Qe2 Nd7 17. b3 Qc5 18. Kh1 Nxe5 19. Ne4 Qa5 20. a3 Rad8 21. b4 Qc7 22. c5 Nd3 23. Rad1 b6 24. Nd6 Bxd6 25. Rxd3 Rxd3 26. Qxd3 Bxh2 27. Qe4 Bf4 28. c6 Rd5 29. b5 Rh5+ 30. Kg1 Qd6 31. Qc4 Be3+ 32. Rf2 Qd1+ 33. Qf1 Bxf2+ 34. Kxf2 Qd4+ 35. Ke1 Re5+ 36. Qe2 Rxe2+ 37. Kxe2 Qc4+ 38. Ke3 Qxb5 39. c7 Qc5+ 40. Kd3 Qxc7 41. g4 Qc5 42. Ke4 Qxa3 43. f4 Qb4+ 44. Kf3 Qc3+ 45. Ke4 f5+ 46. gxf5 exf5+ 47. Kxf5 Qd4 48. Kg4 h5+ 49. Kxh5 Qxf4 50. Kg6 Qg4# 0-1

[Event "GER-ch Net Amateur Gr-B Vor1"]
[Site "Playchess.com INT"]
[Date "2020.04.14"]
[Round "5"]
[White "Hoppstaedter, Daniel"]
[Black "Thielscher, Rene"]
[Result "1-0"]
[WhiteElo "1540"]
[BlackElo "1540"]
[PlyCount "115"]
[EventDate "2020.04.14"]
[EventType "swiss (blitz)"]
[EventRounds "9"]
[EventCountry "GER"]
[SourceTitle "EXT 2021"]
[Source "ChessBase"]
[SourceDate "2020.10.23"]
[SourceVersion "1"]
[SourceVersionDate "2020.10.23"]
[SourceQuality "1"]

1. d4 Nf6 2. Nf3 c5 3. d5 b5 4. Bg5 Qb6 5. Nbd2 Bb7 6. e4 h6 7. Be3 d6 8. Bd3 g6 9. 0-0 Bg7 10. c4 b4 11. Rb1 a5 12. a4 0-0 13. b3 Qd8 14. Rc1 Bc8 15. h3 e6 16. Nb1 exd5 17. exd5 Re8 18. Qd2 Kh7 19. Rfe1 Ng8 20. Qc2 f5 21. Bf4 Rxe1+ 22. Rxe1 Qf6 23. Bh2 Nd7 24. Re6 Qf7 25. Rxd6 Ndf6 26. Ne5 Qe7 27. Nc6 Qe1+ 28. Bf1 Ne4 29. Rd8 Bb7 30. Rxa8 Bxa8 31. Nxa5 Bd4 32. Qe2 Qxb1 33. d6 Ngf6 34. g4 Bxf2+ 35. Kg2 Qxb3 36. Nxb3 Nc3+ 37. Kxf2 Nxe2 38. Kxe2 fxg4 39. hxg4 Kg7 40. Nxc5 Kf7 41. d7 Ke7 42. Bc7 Nxd7 43. Nxd7 Kxd7 44. Bf4 g5 45. Be3 Kc6 46. Kd3 Kd6 47. Kc2 Bc6 48. Kb3 Ke5 49. Kxb4 Ke4 50. Bc5 Kf4 51. Be2 Bf3 52. Bxf3 Kxf3 53. a5 Kxg4 54. a6 h5 55. a7 h4 56. a8Q h3 57. Qh1 h2 58. Qxh2 1-0

[Event "GER-ch Net Amateur Gr-B Vor1"]
[Site "Playchess.com INT"]
[Date "2020.04.14"]
[Round "3"]
[White "Schenk, Jonatan"]
[Black "Hoppstaedter, Daniel"]
[Result "0-1"]
[WhiteElo "1644"]
[BlackElo "1488"]
[PlyCount "64"]
[EventDate "2020.04.14"]
[EventType "swiss (blitz)"]
[EventRounds "9"]
[EventCountry "GER"]
[SourceTitle "EXT 2021"]
[Source "ChessBase"]
[SourceDate "2020.10.23"]
[SourceVersion "1"]
[SourceVersionDate "2020.10.23"]
[SourceQuality "1"]

1. e4 c5 2. d4 cxd4 3. c3 Nf6 4. e5 Nd5 5. cxd4 Nc6 6. Nf3 d6 7. Bc4 Nb6 8. Bb3 d5 9. 0-0 e6 10. Nc3 Be7 11. a3 Bd7 12. Be3 Na5 13. Ba2 Nbc4 14. Bc1 0-0 15. Nd2 Nxd2 16. Bxd2 Nc6 17. Be3 f5 18. f4 Qb6 19. Na4 Qa6 20. Nc5 Bxc5 21. dxc5 Qa5 22. Bf2 Rac8 23. Bxd5 exd5 24. Qxd5+ Rf7 25. e6 Bxe6 26. Qxe6 Rcf8 27. b4 Qb5 28. Rfd1 Kh8 29. Rd7 Rf6 30. Qa2 Nxb4 31. axb4 Ra6 32. Rxb7 Rxa2 0-1

[Event "Heusenstamm Sparkassen op-A 6th"]
[Site "Heusenstamm"]
[Date "2019.11.23"]
[Round "4"]
[White "Hoppstaedter, Daniel"]
[Black "Berkes, Alexander"]
[Result "0-1"]
[WhiteElo "1757"]
[BlackElo "1833"]
[PlyCount "58"]
[EventDate "2019.11.21"]
[EventType "swiss"]
[EventRounds "7"]
[EventCountry "GER"]
[SourceTitle "CBM 194 Extra"]
[Source "ChessBase"]
[SourceDate "2020.03.31"]
[SourceVersion "1"]
[SourceVersionDate "2020.03.31"]
[SourceQuality "1"]

1. d4 Nf6 2. c4 g6 3. f3 d6 4. e4 Bg7 5. Ne2 0-0 6. Be3 c5 7. d5 Nfd7 8. Nec3 b5 9. cxb5 a6 10. Qd2 Re8 11. h4 h5 12. Na3 Ne5 13. Be2 axb5 14. Naxb5 Qa5 15. Kf2 Ba6 16. g4 hxg4 17. f4 Nf3 18. Bxf3 gxf3 19. a4 Nd7 20. Kxf3 Reb8 21. Qg2 Bxb5 22. Nxb5 Qb4 23. Rab1 Rxa4 24. Nc3 Bxc3 25. bxc3 Qxe4+ 26. Kg3 Qxe3+ 27. Qf3 Qxf3+ 28. Kxf3 Rxb1 29. Rxb1 Nf6 0-1